LIBRARY & INFORMATION CENTRE, KCAET, TAVANUR

ONLINE PUBLIC ACCESS CATALOGUE (OPAC)

Text book of engineering physics / (Record no. 13270)

MARC details
000 -LEADER
fixed length control field 00379cam a2200133ua 4500
003 - CONTROL NUMBER IDENTIFIER
control field OSt
008 - FIXED-LENGTH DATA ELEMENTS--GENERAL INFORMATION
fixed length control field 181124b ||||| |||| 00| 0 eng d
082 ## - DEWEY DECIMAL CLASSIFICATION NUMBER
Classification number 530
Item number PHI/TE
100 ## - MAIN ENTRY--AUTHOR NAME
Personal name Philip, Jacob .
245 ## - TITLE STATEMENT
Title Text book of engineering physics /
260 ## - PUBLICATION, DISTRIBUTION, ETC. (IMPRINT)
Place of publication Thiruvananthapuram :
Name of publisher Educational Publications and Book Depot ,
Year of publication 2002.
300 ## - PHYSICAL DESCRIPTION
Number of Pages 567 ;
Accompanying material CD.
942 ## - ADDED ENTRY ELEMENTS (KOHA)
Koha item type Books
Holdings
Withdrawn status Lost status Damaged status Home library Current library Date acquired Full call number Accession Number Koha item type
    Damaged KAUAET KAUAET 07/04/2012 530 21359 Books
free website counter